| 000 | 00000nam 2200000zi 4500 |
| 001 | 9.939863 |
| 003 | CaOODSP |
| 005 | 20250218134820 |
| 006 | m o d f |
| 007 | cr mn||||||||| |
| 008 | 240626t20242024oncd obs f000 0 eng d |
| 040 | |aCaOODSP|beng|erda|cCaOODSP |
| 043 | |an-cn--- |
| 086 | 1 |aCS36-28-0001/2024-6-3E-PDF |
| 100 | 1 |aLafrance-Cooke, Amélie, |eauthor. |
| 245 | 10|aNew businesses since the beginning of the COVID-19 pandemic / |cby Amélie Lafrance-Cooke and Danny Leung. |
| 264 | 1|a[Ottawa] : |bStatistics Canada = Statistique Canada, |c2024. |
| 264 | 4|c©2024 |
| 300 | |a1 online resource (8 pages) : |bgraph. |
| 336 | |atext|btxt|2rdacontent |
| 337 | |acomputer|bc|2rdamedia |
| 338 | |aonline resource|bcr|2rdacarrier |
| 490 | 1 |aEconomic and social reports, |x2563-8955 ; |vVol. 4, no. 6, June 2024 |
| 500 | |aCover title. |
| 500 | |a"Release date: June 26, 2024." |
| 500 | |aIssued also in French under title: Les entreprises créées depuis le début de la pandémie de COVID-19. |
| 504 | |aIncludes bibliographical references (pages 7-8). |
| 650 | 0|aCOVID-19 Pandemic, 2020-2023|xEconomic aspects|zCanada|vStatistics. |
| 650 | 0|aBusiness enterprises|zCanada|vStatistics. |
| 655 | 7|aStatistics|2lcgft |
| 710 | 2 |aStatistics Canada, |eissuing body. |
| 775 | 08|tLes entreprises créées depuis le début de la pandémie de COVID-19 / |w(CaOODSP)9.939867 |
| 830 | #0|aEconomic and social reports (Statistics Canada)|x2563-8955 ; |vVol. 4, no. 6, June 2024.|w(CaOODSP)9.895760 |
| 856 | 40|qPDF|s601 KB|uhttps://publications.gc.ca/collections/collection_2024/statcan/36-28-0001/CS36-28-0001-2024-6-3-eng.pdf |
| 856 | 4 |qHTML|sN/A|uhttps://www150.statcan.gc.ca/n1/pub/36-28-0001/2024006/article/00003-eng.htm |